Kreditný derivát ako nástroj diagnostiky podnikových problémov
Podstata kreditného derivátu. Poskytovanie úverov a vznik kreditného (úverového) rizika. Kvantifikácia a ocenenie kreditného rizika. Možnosti usmerňovania kreditného rizika. Transfer kreditného rizika a kreditné deriváty. Kreditné udalosti v praxi. Stanovenie východiskovej hodnoty vybraného kreditné...
Salvato in:
| Autore principale: | |
|---|---|
| Natura: | Capitolo di libro |
| Lingua: | slovacco |
| Soggetti: | |
| Tags: |
Nessun Tag, puoi essere il primo ad aggiungerne!!
|
MARC
| LEADER | 00000nla$a2200000$$$4500 | ||
|---|---|---|---|
| 001 | 0074936 | ||
| 005 | 20240502071900.7 | ||
| 041 | 0 | |a slo | |
| 044 | |a SK | ||
| 245 | 1 | 0 | |a Kreditný derivát ako nástroj diagnostiky podnikových problémov |c Peter Markovič |
| 520 | |a Podstata kreditného derivátu. Poskytovanie úverov a vznik kreditného (úverového) rizika. Kvantifikácia a ocenenie kreditného rizika. Možnosti usmerňovania kreditného rizika. Transfer kreditného rizika a kreditné deriváty. Kreditné udalosti v praxi. Stanovenie východiskovej hodnoty vybraného kreditného derivátu. | ||
| 610 | 2 | 0 | |a deriváty |
| 610 | 2 | 0 | |a úver |
| 610 | 2 | 0 | |a riziko úverové |
| 610 | 2 | 0 | |a banky |
| 610 | 2 | 0 | |a veritelia |
| 610 | 2 | 0 | |a dlžníci |
| 610 | 2 | 0 | |a diagnostika podniková |
| 610 | 2 | 0 | |a modely ekonomicko-matematické |
| 610 | 2 | 0 | |a ohodnocovanie podniku |
| 100 | 1 | |a Markovič, Peter, 1974- | |